[Event "Dvorkovich Memorial Rapid 2018"]
[Site "Taganrog"]
[Date "2018.01.13"]
[Round "3.27"]
[White "Getman, Dmitriy"]
[Black "Kotenko, Pavel"]
[Result "0-1"]
[WhiteElo "1772"]
[BlackElo "2403"]
[Annotator "NA"]
[PlyCount "84"]
[EventDate "2018.??.??"]
[EventType "swiss"]
[EventCountry "RUS"]
[SourceTitle "playchess.com"]
[Source "ChessBase"]
[SourceQuality "1"]
[TimeControl "900+10"]

1. d4 {[%emt 0:15:00]} Nf6 {[%emt 0:15:10]} 2. c4 {[%emt 0:00:10]} g6 {[%emt 0:00:10]} 3. Nc3 {[%emt 0:00:10]} Bg7 {[%emt 0:00:10]} 4. e4 {[%emt 0:00:00]} d6 {[%emt 0:00:00]} 5. h3 {[%emt 0:00:20]} O-O {[%emt 0:00:20]} 6. Nf3 {[%emt 0:00:10]} e5 {[%emt 0:00:10]} 7. d5 {[%emt 0:00:10]} a5 {[%emt 0:00:10]} 8. Be3 {[%emt 0:00:10]} Na6 {[%emt 0:00:10]} 9. Be2 {[%emt 0:00:10]} Nh5 {[%emt 0:00:10]} 10. a3 {[%emt 0:00:10]} Nf4 {[%emt 0:00:10]} 11. O-O {[%emt 0:00:10]} Nxe2+ {[%emt 0:00:10]} 12. Qxe2 {[%emt 0:00:10]} Bd7 {[%emt 0:00:10]} 13. Rfb1 {[%emt 0:00:10]} a4 {[%emt 0:00:10]} 14. b4 {[%emt 0:00:10]} axb3 {[%emt 0:00:10]} 15. Rxb3 {[%emt 0:00:10]} b6 {[%emt 0:00:10]} 16. Nb5 {[%emt 0:00:10]} f5 {[%emt 0:00:10]} 17. Nc3 {[%emt 0:00:10]} f4 {[%emt 0:00:10]} 18. Bd2 {[%emt 0:00:10]} g5 {[%emt 0:00:10]} 19. Ne1 {[%emt 0:00:10]} Qe8 {[%emt 0:00:10]} 20. Nb5 {[%emt 0:00:10]} h5 {[%emt 0:00:10]} 21. f3 {[%emt 0:00:10]} Qg6 {[%emt 0:00:10]} 22. Nd3 {[%emt 0:00:10]} g4 {[%emt 0:00:10]} 23. hxg4 {[%emt 0:00:10]} hxg4 {[%emt 0:00:10]} 24. Kf1 {[%emt 0:00:10]} Bf6 {[%emt 0:00:10]} 25. Qf2 {[%emt 0:00:10]} Kg7 {[%emt 0:00:10]} 26. Ke2 {[%emt 0:00:10]} Rh8 {[%emt 0:00:10]} 27. Nb4 {[%emt 0:00:10]} Nc5 {[%emt 0:00:10]} 28. Rbb1 {[%emt 0:00:10]} Bh4 {[%emt 0:00:10]} 29. Qf1 {[%emt 0:00:10]} Bxb5 {[%emt 0:00:10]} 30. cxb5 {[%emt 0:00:10]} Bg3 {[%emt 0:00:10]} 31. Nd3 {[%emt 0:00:10]} gxf3+ {[%emt 0:00:10]} 32. gxf3 {[%emt 0:00:10]} Rh2+ {[%emt 0:00:10]} 33. Kd1 {[%emt 0:00:10]} Rah8 {[%emt 0:00:10]} 34. Kc2 {[%emt 0:00:10]} Nxe4 {[%emt 0:00:10]} 35. fxe4 {[%emt 0:00:10]} Qxe4 {[%emt 0:00:10]} 36. Rb4 {[%emt 0:00:10]} Qxd5 {[%emt 0:00:10]} 37. Qc1 {[%emt 0:00:10]} e4 {[%emt 0:00:10]} 38. Qb2+ {[%emt 0:00:10]} Kf7 {[%emt 0:00:10]} 39. Rd4 {[%emt 0:00:10]} exd3+ {[%emt 0:00:10]} 40. Rxd3 {[%emt 0:00:10]} Qc4+ {[%emt 0:00:10]} 41. Rc3 {[%emt 0:00:10]} Rxd2+ {[%emt 0:00:10]} 42. Kxd2 {[%emt 0:00:10]} Rh2+ {[%emt 0:00:10]} 0-1

[Event "Dvorkovich Memorial Rapid 2018"]
[Site "Taganrog"]
[Date "2018.01.13"]
[Round "3.28"]
[White "Chernyavsky, Alexander"]
[Black "Sukhareva, Valentina"]
[Result "1-0"]
[WhiteElo "2326"]
[BlackElo "1832"]
[Annotator "NA"]
[PlyCount "57"]
[EventDate "2018.??.??"]
[EventType "swiss"]
[EventCountry "RUS"]
[SourceTitle "playchess.com"]
[Source "ChessBase"]
[SourceQuality "1"]
[TimeControl "900+10"]

1. d4 {[%emt 0:00:00]} e6 {[%emt 0:00:18]} 2. b3 {[%emt 0:00:29]} d5 {[%emt 0:00:22]} 3. e3 {[%emt 0:00:04]} f5 {[%emt 0:01:30]} 4. Bd3 {[%emt 0:00:30]} Nf6 {[%emt 0:00:09]} 5. Bb2 {[%emt 0:00:32]} Nbd7 {[%emt 0:00:24]} 6. c4 {[%emt 0:00:14]} c6 {[%emt 0:00:08]} 7. Nc3 {[%emt 0:00:02]} Bd6 {[%emt 0:00:25]} 8. Nge2 {[%emt 0:00:20]} Ne4 {[%emt 0:00:27]} 9. Qc2 {[%emt 0:00:28]} Qh4 {[%emt 0:00:54]} 10. g3 {[%emt 0:00:36]} Qh6 {[%emt 0:01:48]} 11. h4 {[%emt 0:03:18]} Ndf6 {[%emt 0:01:15]} 12. Bxe4 {[%emt 0:03:43]} Nxe4 {[%emt 0:01:16]} 13. Rf1 {[%emt 0:00:58]} Bd7 {[%emt 0:00:53]} 14. Nf4 {[%emt 0:00:58]} Qf6 {[%emt 0:00:22]} 15. O-O-O {[%emt 0:00:17]} Rc8 {[%emt 0:06:43]} 16. Nce2 {[%emt 0:00:10]} Qe7 {[%emt 0:00:20]} 17. f3 {[%emt 0:00:52]} Nf6 {[%emt 0:00:18]} 18. Kb1 {[%emt 0:00:10]} g6 {[%emt 0:00:18]} 19. Nc3 {[%emt 0:00:19]} Kd8 {[%emt 0:00:10]} 20. e4 {[%emt 0:00:08]} Bxf4 {[%emt 0:00:07]} 21. gxf4 {[%emt 0:00:02]} Ke8 {[%emt 0:00:14]} 22. Rde1 {[%emt 0:01:13]} Kf7 {[%emt 0:00:07]} 23. exd5 {[%emt 0:00:15]} cxd5 {[%emt 0:00:13]} 24. cxd5 {[%emt 0:00:02]} Qb4 {[%emt 0:00:14]} 25. dxe6+ {[%emt 0:00:13]} Bxe6 {[%emt 0:00:04]} 26. d5 {[%emt 0:00:57]} Bd7 {[%emt 0:00:16]} 27. Qd2 {[%emt 0:00:41]} Bb5 {[%emt 0:00:09]} 28. Re6 {[%emt 0:00:30]} Rhe8 {[%emt 0:00:06]} 29. Rxf6+ {[%emt 0:00:08]} 1-0

[Event "Dvorkovich Memorial Rapid 2018"]
[Site "Taganrog"]
[Date "2018.01.14"]
[Round "3.29"]
[White "Nazaretyan, Tigran"]
[Black "Ivchenko, Alexander"]
[Result "1-0"]
[WhiteElo "2285"]
[BlackElo "1742"]
[Annotator "ChessBase"]
[PlyCount "86"]
[EventDate "2018.??.??"]
[EventType "swiss"]
[EventCountry "RUS"]
[SourceTitle "playchess.com"]
[Source "ChessBase"]
[SourceQuality "1"]
[TimeControl "900+10"]

1. d4 {[%emt 0:00:00]} d5 {[%emt 0:00:00]} 2. c4 {[%emt 0:00:00]} e6 {[%emt 0:00:00]} 3. Nf3 {[%emt 0:00:00]} f5 {[%emt 0:00:00]} 4. g3 {[%emt 0:00:04]} Nf6 {[%emt 0:00:05]} 5. Bg2 {[%emt 0:00:02]} c6 {[%emt 0:00:00]} 6. O-O {[%emt 0:00:12]} Be7 {[%emt 0:00:03]} 7. b3 {[%emt 0:00:18]} O-O {[%emt 0:00:03]} 8. Bb2 {[%emt 0:00:21]} Ne4 {[%emt 0:00:05]} 9. Ne5 {[%emt 0:00:10]} Nd7 {[%emt 0:00:00]} 10. Nd3 {[%emt 0:00:14]} Ndf6 {[%emt 0:00:09]} 11. Nd2 {[%emt 0:00:04]} Bd7 {[%emt 0:00:14]} 12. Nf3 {[%emt 0:00:12]} Be8 {[%emt 0:00:07]} 13. Nfe5 {[%emt 0:00:00]} Bh5 {[%emt 0:00:09]} 14. Nf4 {[%emt 0:00:14]} Bf7 {[%emt 0:00:37]} 15. Rc1 {[%emt 0:00:51]} g5 {[%emt 0:00:08]} 16. Nh3 {[%emt 0:00:22]} h6 {[%emt 0:00:08]} 17. f3 {[%emt 0:00:15]} Nd6 {[%emt 0:00:00]} 18. Qd2 {[%emt 0:00:39]} Rc8 {[%emt 0:00:40]} 19. Nf2 {[%emt 0:01:09]} Nd7 {[%emt 0:00:31]} 20. Nfd3 {[%emt 0:00:58]} Nxe5 {[%emt 0:00:42]} 21. dxe5 {[%emt 0:00:23]} Ne8 {[%emt 0:00:00]} 22. cxd5 {[%emt 0:00:21]} cxd5 {[%emt 0:00:13]} 23. Rxc8 {[%emt 0:00:03]} Qxc8 {[%emt 0:00:01]} 24. Rc1 {[%emt 0:00:04]} Qd7 {[%emt 0:00:02]} 25. Qa5 {[%emt 0:01:37]} b6 {[%emt 0:00:24]} 26. Qc3 {[%emt 0:00:32]} Ng7 {[%emt 0:00:07]} 27. Qc7 {[%emt 0:00:00]} Rd8 {[%emt 0:00:06]} 28. Kf1 {[%emt 0:01:02]} Ne8 {[%emt 0:00:08]} 29. Qc6 {[%emt 0:00:24]} Qxc6 {[%emt 0:00:24]} 30. Rxc6 {[%emt 0:00:00]} Rd7 {[%emt 0:00:01]} 31. Rc8 {[%emt 0:02:08]} Rc7 {[%emt 0:00:12]} 32. Ra8 {[%emt 0:00:00]} Kh7 {[%emt 0:02:33]} 33. Ke1 {[%emt 0:00:00]} Ng7 {[%emt 0:00:00]} 34. Kd2 {[%emt 0:00:02]} Be8 {[%emt 0:00:00]} 35. Bc3 {[%emt 0:01:01]} Bc6 {[%emt 0:00:07]} 36. Rb8 {[%emt 0:00:02]} Ne8 {[%emt 0:00:25]} 37. Bb4 {[%emt 0:00:27]} Kg6 {[%emt 0:00:50]} 38. Bxe7 {[%emt 0:00:20]} Rxe7 {[%emt 0:00:02]} 39. Nb4 {[%emt 0:00:02]} Bb7 {[%emt 0:00:14]} 40. e3 {[%emt 0:00:47]} a5 {[%emt 0:00:03]} 41. Nc2 {[%emt 0:00:01]} Kf7 {[%emt 0:00:15]} 42. Nd4 {[%emt 0:00:05]} Rc7 {[%emt 0:00:51]} 43. Bf1 {[%emt 0:00:45]} Ng7 {[%emt 0:00:32]} 1-0

[Event "Dvorkovich Memorial Rapid 2018"]
[Site "Taganrog"]
[Date "2018.01.13"]
[Round "4.1"]
[White "Pridorozhni, Aleksei"]
[Black "Goganov, Aleksey"]
[Result "1-0"]
[WhiteElo "2571"]
[BlackElo "2563"]
[Annotator "TA"]
[PlyCount "133"]
[EventDate "2018.??.??"]
[EventType "swiss"]
[EventCountry "RUS"]
[SourceTitle "playchess.com"]
[Source "ChessBase"]
[SourceQuality "1"]

{[%evp 13,133,-10,-9,-45,-37,-41,-29,-37,-29,-45,-39,-35,-31,-47,-37,-43,-14,-28,-24,-40,18,15,20,12,10,10,14,9,22,12,23,0,0,0,10,0,21,20,17,11,36,28,53,24,35,40,73,75,67,75,88,39,80,54,85,87,84,70,70,77,75,75,83,83,78,9,9,9,9,9,9,9,9,9,9,8,8,8,8,8,285,269,556,541,508,484,1214,1173,1149,1084,616,512,1555,1471,1372,1175,29954,29957,29962,29960,29961,29962,29967,29964,29969,29970,29973,29974,29974,29975,29975,29976,29977,29979,29979,29978,29978,29979,29979,29980,29980,29981]} 1. e4 e5 2. Bc4 Nf6 3. d3 c6 4. Nf3 d5 5. Bb3 Bb4+ 6. c3 Bd6 {C24: Bishop's Opening: 2...Nf6} 7. Nbd2 (7. Bg5 dxe4 8. dxe4 h6 9. Bh4 Qe7 10. Nbd2 Nbd7 11. Bg3 Bc7 12. O-O Nh5 13. h3 Nxg3 14. fxg3 Nc5 15. Bxf7+ Kxf7 16. Nxe5+ {0-1 (34) Carlsen,M (2877)-Caruana,F (2801) Saint Louis 2014}) 7... O-O {LiveBook: 22 Games} 8. Qe2 Nbd7 {Black is slightly better.} 9. O-O h6 $146 ({Predecessor:} 9... dxe4 10. Nxe4 Nxe4 11. dxe4 Nc5 12. Bc2 b6 13. Rd1 Qe7 14. Ne1 {½-½ (46) Juergens,B (2136)-Persson,A (2181) Lueneburg 2016}) 10. Re1 a5 {[%cal Ba7a5,Ba5a4][%mdl 32]} 11. Nf1 a4 12. Bc2 Re8 13. Ng3 Nf8 14. Nh4 Bg4 15. f3 Be6 16. Nhf5 Ng6 (16... Bc7 $15) 17. Nxd6 $11 Qxd6 18. Qf2 b5 19. Be3 dxe4 20. dxe4 Nd7 21. Red1 Qc7 22. Qd2 Nb6 23. b3 Red8 24. Qf2 Rdb8 25. Bc5 Qb7 26. Nf5 Nd7 27. Be3 $36 {[%mdl 2048] White has good play.} Qc7 28. Qd2 (28. g3 {looks sharper.} axb3 29. axb3 Rxa1 30. Rxa1 Qd8 31. Qd2) 28... axb3 29. axb3 {Black must now prevent Rxa8.} Bxf5 30. Rxa8 Rxa8 31. exf5 Ngf8 32. Be4 Nf6 33. Qd6 $1 {[%cal Rd6c7]} Qxd6 34. Rxd6 Nxe4 35. fxe4 $14 {[%mdl 4096] Endgame KRB-KRN} Rc8 36. Kf2 Nh7 37. Kf3 Ng5+ 38. Bxg5 $1 hxg5 $16 {[#] KR-KR} 39. f6 ({White should play} 39. Kg4 $1 $16) 39... gxf6 $1 $11 40. Rxf6 {Hoping for Kg4.} Kg7 41. Rd6 {Black should prevent Kg4.} f6 42. Kg4 Kg6 $1 43. g3 {[%cal Bg2g3,Bg3h4,Bh4h5][%mdl 32] h4 is the strong threat.} b4 $1 44. c4 {Threatens to win with h4.} Ra8 $1 45. h4 gxh4 46. gxh4 {And now h5+ would win.} Ra3 $2 {[%mdl 8192]} (46... Ra1 $11) 47. h5+ $18 ({Stronger than} 47. Rxc6 Rxb3 48. h5+ Kf7 $11) 47... Kg7 $2 (47... Kf7 {was called for.} 48. Kf5 (48. Rxc6 Rxb3 49. Rc7+ Ke6 $11) 48... Ke7 49. Rxc6 Rxb3 50. Re6+ Kd7 51. Kxf6 Rf3+ 52. Kxe5 Rh3) 48. Rd7+ Kh6 {[#]} 49. Rf7 $1 {[%cal Rf7f6]} Rxb3 (49... f5+ $142 50. Rxf5 (50. exf5 Rxb3 51. Rc7 Rb1 $16) 50... Kg7) 50. Rxf6+ Kg7 51. Rxc6 Rc3 52. Kf5 Rh3 (52... b3 $142 53. Kxe5 Rh3) 53. Rc7+ Kf8 54. Rb7 b3 55. Ke6 {White mates.} Rxh5 56. Rb8+ Kg7 57. Rxb3 Rh4 58. Kxe5 Kf7 59. Kd6 Rxe4 60. c5 {[%cal Bc4c5,Bc5c6,Bc6c7][%mdl 32]} Rd4+ 61. Kc7 Ke7 62. Re3+ Kf7 63. c6 Rc4 64. Kd7 Rd4+ 65. Kc8 Rc4 66. c7 Rc1 67. Rb3 {Precision: White = 70%, Black = 46%.} 1-0

[Event "Dvorkovich Memorial Rapid 2018"]
[Site "Taganrog"]
[Date "2018.01.13"]
[Round "4.2"]
[White "Golubov, Saveliy"]
[Black "Bocharov, Dmitry"]
[Result "0-1"]
[WhiteElo "2484"]
[BlackElo "2583"]
[Annotator "TA"]
[PlyCount "14"]
[EventDate "2018.??.??"]
[EventType "swiss"]
[EventCountry "RUS"]
[SourceTitle "playchess.com"]
[Source "ChessBase"]
[SourceQuality "1"]

{[%evp 11,14,-20,-23,-57,-38]} 1. e4 c5 2. Nf3 e6 3. b3 b6 4. Bb2 Bb7 5. Bd3 Nc6 6. a3 {B40: Sizilianisch (Klassisches System mit e7-e6)} Nf6 {LiveBook: 3 Partien} 7. c4 $146 ({Vorgänger:} 7. O-O d6 8. Re1 Be7 9. Bf1 O-O 10. d3 Nd7 11. Nbd2 Bf6 12. Bxf6 Nxf6 {1-0 (29) Kasimdzhanov,R (2683)-Ganguly,S (2650) Riadh 2017}) 7... Be7 0-1

[Event "Dvorkovich Memorial Rapid 2018"]
[Site "Taganrog"]
[Date "2018.01.13"]
[Round "4.3"]
[White "Belyakov, Bogdan"]
[Black "Kokarev, Dmitry"]
[Result "0-1"]
[WhiteElo "2486"]
[BlackElo "2616"]
[Annotator "TA"]
[PlyCount "98"]
[EventDate "2018.??.??"]
[EventType "swiss"]
[EventCountry "RUS"]
[SourceTitle "playchess.com"]
[Source "ChessBase"]
[SourceQuality "1"]

{[%evp 22,98,10,0,25,-17,0,-24,-19,-35,-22,-134,-139,-146,-121,-135,-123,-115,-116,-131,-129,-136,-129,-137,-130,-145,-142,-135,-140,-142,-131,-122,-128,-210,-50,-222,-129,-180,0,-248,-239,-289,-297,-345,-313,-435,-292,-2079,-529,-572,-551,-718,-716,-692,-684,-708,-673,-1633,-1413,-12838,-12836,-2121,-1906,-29970,-12840,-29978,-29979,-29979,-12840,-29985,-29986,-29987,-29988,-29990,-29991,-29991,-29992,-29992,-29993]} 1. e4 c5 2. Nf3 d6 3. d4 cxd4 4. Qxd4 Nf6 5. Bg5 e6 6. Nc3 Nc6 7. Bb5 Bd7 8. Bxc6 Bxc6 9. O-O-O Be7 10. Qd3 h6 11. Bh4 O-O 12. Nd4 Rc8 {B53: Sicilian: 2...d6: Lines with Qxd4} 13. f3 $146 ({Predecessor:} 13. f4 Qa5 14. f5 Bd7 15. Nb3 Qe5 16. Bg3 Rxc3 17. bxc3 Qxe4 18. Bxd6 Bxd6 19. Qxd6 Qxf5 20. Rhf1 {½-½ (51) Jakic,I (2378)-Livaic,L (2467) Zadar 2017}) 13... a6 14. g4 b5 {Black has an edge.} 15. Rhg1 Bb7 16. Kb1 (16. a3 $11 {remains equal.}) 16... Nxe4 $1 $17 17. Nxe4 {Black must now prevent Bxe7.} Bxh4 18. f4 Bxe4 19. Qxe4 Bf2 20. Rg2 d5 21. Qf3 Bxd4 $1 22. Rxd4 Qf6 23. Rd1 Rc4 24. f5 Rfc8 25. Qd3 Rb4 {[%csl Gb4][%cal Rf6b2]} 26. b3 Re4 $40 {[%mdl 128] White is in trouble.} 27. Rdg1 {[#]} (27. fxe6 $17 fxe6 28. g5 hxg5 29. Rdg1) 27... Qd4 $2 (27... Rc3 $1 $19 {[%cal Rc3d3]} 28. Qd1 Rce3) 28. Qg3 $2 ({White should play} 28. fxe6 $15 fxe6 29. g5) 28... Qe5 (28... e5 $19 29. Qd3 f6 30. Qxd4 Rxd4) 29. Qf2 {[#]} (29. Qxe5 $17 Rxe5 30. Kb2) 29... Qd4 (29... Rc3 $142 $1 30. fxe6 fxe6) 30. Qg3 $1 $19 e5 {[%cal Be6e5,Be5e4][%mdl 32]} 31. f6 gxf6 32. Qh3 {Threatens to win with g5.} Qe3 33. Rg3 Qg5 34. Rf3 $2 (34. Qf1) 34... Re2 (34... Qd2 $142 35. Rf2 Qxf2) 35. Rc1 {If White can now play Qf1 this consolidates a bit.} e4 36. Rc3 Rxc3 37. Qxc3 {[%mdl 4096] Endgame KQR-KQR} Kg7 38. Rf1 Qe5 39. Qc6 Rxh2 40. Qxa6 Qc3 41. Rc1 b4 42. Qd6 Rf2 43. Qxd5 e3 44. Qe4 Rd2 45. g5 hxg5 {Black mates.} 46. Rh1 e2 47. Rh7+ Kg8 {[%cal Rd2d1]} 48. Qe8+ Kxh7 {[%cal Rd2d1]} 49. Qxf7+ Kh6 {Precision: White = 22%, Black = 60%.} 0-1

[Event "Dvorkovich Memorial Rapid 2018"]
[Site "Taganrog"]
[Date "2018.01.13"]
[Round "4.4"]
[White "Paravyan, David"]
[Black "Kiselev, Vitaliy"]
[Result "1-0"]
[WhiteElo "2603"]
[BlackElo "2516"]
[Annotator "TA"]
[PlyCount "101"]
[EventDate "2018.??.??"]
[EventType "swiss"]
[EventCountry "RUS"]
[SourceTitle "playchess.com"]
[Source "ChessBase"]
[SourceQuality "1"]

{[%evp 17,101,24,46,33,43,31,100,95,95,-27,85,75,97,82,93,82,87,87,215,219,261,232,337,360,458,231,250,254,235,231,202,190,204,211,229,234,204,179,305,277,273,210,187,178,161,127,166,168,164,169,161,156,159,164,193,172,180,174,223,237,230,222,447,364,508,502,494,489,478,477,591,602,622,622,609,613,578,552,584,522,1355,1196,1503,1518,29982,29982]} 1. Nf3 Nf6 2. c4 e6 3. Nc3 d5 4. d4 Nbd7 5. cxd5 exd5 6. Bf4 c6 7. e3 Be7 8. h3 Nf8 9. Bd3 Ng6 {LiveBook: 33 Games. D35: Queen's Gambit Declined: Exchange Variation} 10. Bg3 (10. Bh2 Bd6 11. Bxd6 Qxd6 12. O-O O-O 13. Rb1 Re8 14. b4 a6 15. a4 Ne4 16. Bxe4 dxe4 17. Nd2 f5 18. b5 axb5 19. axb5 Be6 20. bxc6 bxc6 {½-½ (63) Nakamura,H (2791)-Vachier Lagrave,M (2819) chess.com INT 2016}) 10... Bd6 11. Ne5 Bxe5 (11... O-O $14) 12. dxe5 $16 (12. Bxe5 $6 Nxe5 13. dxe5 Nd7 $11) 12... Nd7 13. Qh5 $146 (13. f4 $1 $16) ({Predecessor:} 13. f4 O-O 14. h4 Qb6 15. Qe2 Re8 16. O-O-O Nc5 {½-½ (45) Zhuchenko,P-Ubiennykh,E (2225) Tomsk 2002}) 13... Nc5 (13... Ngxe5 $1 $11 14. Bc2 (14. Bxe5 g6 $15) 14... Nc4) 14. Bc2 Ne7 15. O-O g6 16. Qh6 Bf5 17. e4 $1 $40 {[%cal Re4f5][%mdl 128] White has strong attack.} dxe4 (17... Nxe4 $16 18. Nxe4 Bxe4 19. Bxe4 dxe4) 18. Rad1 $18 Qb6 19. Bh4 Qxb2 (19... Rg8 {was necessary.} 20. Qg5 Qc7) 20. Qe3 Ne6 {intending ...g5.} 21. Bxe4 ({Not} 21. Qd2 g5 $17) (21. Bxe7 $142 Kxe7 22. Bb3 (22. Bxe4 Bxe4 23. Nxe4 Qxe5 $14)) 21... Bxe4 22. Nxe4 Nf5 23. Nd6+ Nxd6 24. Rxd6 O-O 25. Bf6 {[%mdl 1024] White has strong compensation.} Ng7 {[#]} ({Wrong is} 25... Qxa2 $2 26. Qh6 $18) 26. g4 $1 Ne8 27. Rd2 Qb6 (27... Qb4 $142) 28. Qh6 {Strongly threatening g5.} c5 29. Be7 {[%csl Ge7][%cal Rh6f8]} Ng7 30. Bxf8 Rxf8 31. Rd6 Qa5 {[#]} 32. Qd2 $1 {[%cal Rd2a5]} Qa3 33. Rd3 Qa4 34. f4 c4 35. Rd8 Qa3 {White must now prevent ...Qg3+.} 36. Rxf8+ Kxf8 {[%mdl 4096] Endgame KQR-KQN} 37. Kg2 c3 38. Qd6+ Qxd6 39. exd6 {Rc1 is the strong threat. KR-KN} Ne6 $2 (39... Ke8 40. Rc1 Kd7 41. Rxc3 Ne8) 40. Rc1 Nxf4+ 41. Kf3 Ne6 42. Rxc3 Ke8 43. Ke4 f6 44. h4 {[%cal Bh3h4,Bh4h5,Bh5h6][%mdl 32]} Kd7 45. Rf3 Kxd6 46. Rxf6 Ke7 47. g5 Ng7 48. Ke5 Nf5 {[#]} 49. h5 $1 {[%mdl 512]} Nh4 (49... gxh5 50. Kxf5) 50. h6 Ng2 {[#]} 51. Rxg6 $1 {[%mdl 512] Precision: White = 83%, Black = 27%.} 1-0

[Event "Dvorkovich Memorial Rapid 2018"]
[Site "Taganrog"]
[Date "2018.01.13"]
[Round "4.5"]
[White "Kharchenko, Boris"]
[Black "Kryakvin, Dmitry"]
[Result "1/2-1/2"]
[WhiteElo "2464"]
[BlackElo "2580"]
[Annotator "TA"]
[PlyCount "32"]
[EventDate "2018.??.??"]
[EventType "swiss"]
[EventCountry "RUS"]
[SourceTitle "playchess.com"]
[Source "ChessBase"]
[SourceQuality "1"]

{[%evp 14,32,26,15,163,0,1,0,0,0,0,0,0,0,0,0,0,0,0,-482,387]} 1. e4 g6 2. c3 c5 3. d4 cxd4 4. cxd4 d5 5. Nc3 dxe4 6. Bc4 {B22: Sizilianisch (Alapin 2.c3)} Bg7 7. Qb3 e6 8. d5 $1 {LiveBook: 3 Partien. Weiß hat minimalen Vorteil.} (8. Nge2 Nf6 9. Bg5 h6 10. Bxf6 Bxf6 11. O-O O-O 12. Nxe4 Bg7 13. Rfd1 {0-1 (26) Skoberne,J (2552)-Ortiz Suarez,I (2569) Istanbul 2012}) 8... Qb6 {[#]} (8... Ne7 $11 {und Schwarz steht sicher.}) 9. Nxe4 $2 (9. Bb5+ $1 $18 Nd7 10. Be3 (10. Nxe4 Ngf6 $16)) 9... Nf6 $146 ({Vorgänger:} 9... Qxb3 10. Bxb3 Nf6 11. Nd6+ Ke7 12. Nb5 Na6 13. dxe6 Bxe6 14. Bxe6 fxe6 {½-½ (52) Nikitin,S (1827)-Anchutin,N (2262) St Petersburg 2017}) 10. Bb5+ Bd7 11. Be3 Qa5+ $1 12. Bd2 Qb6 13. dxe6 fxe6 14. Be3 Qa5+ 15. Bd2 Qb6 16. Bc1 $2 {[%mdl 8192]} (16. Bxd7+ $11 {und Weiss ist OK.} Nbxd7 17. Nxf6+ Bxf6 18. Nf3) 16... Ng8 $4 {[%mdl 40960] An unexpected result.} ({Schwächer ist} 16... Bxb5 {[#]} 17. Qxb5+ $1 {[%mdl 512]} Nbd7 18. Qxb6 $15) (16... Nxe4 $19 {vermeidet das Desaster.} 17. Bxd7+ Nxd7 18. Qxb6 axb6) 1/2-1/2

[Event "Dvorkovich Memorial Rapid 2018"]
[Site "Taganrog"]
[Date "2018.01.13"]
[Round "4.6"]
[White "Timofeev, Artyom"]
[Black "Vastrukhin, Oleg"]
[Result "0-1"]
[WhiteElo "2563"]
[BlackElo "2398"]
[Annotator "TA"]
[PlyCount "41"]
[EventDate "2018.??.??"]
[EventType "swiss"]
[EventCountry "RUS"]
[SourceTitle "playchess.com"]
[Source "ChessBase"]
[SourceQuality "1"]

{[%evp 17,41,46,40,19,76,31,80,33,35,6,0,-9,59,28,245,234,165,23,106,0,249,-41,1847,1503,1445,1367]} 1. e4 e6 2. d4 d5 3. Nd2 c5 4. exd5 exd5 5. Ngf3 Nc6 6. Bb5 Bd6 7. O-O Nge7 8. dxc5 Bxc5 9. Nb3 Bb6 {LiveBook: 208 Games} 10. Bd3 {C09: French Tarrasch: 3...c5 4 exd5 exd5 5 Ngf3 Nc6} (10. Re1 O-O 11. Be3 Bg4 12. Bxb6 Qxb6 13. Bxc6 Nxc6 14. Qxd5 Nb4 15. Qe4 Bxf3 16. gxf3 Rad8 17. Rad1 h6 18. a3 Nc6 19. Kg2 Qb5 {½-½ (29) Duda,J (2697)-Korobov,A (2711) Khanty-Mansiysk 2017}) 10... Bf5 (10... O-O $11) 11. c3 a5 $146 ({Predecessor:} 11... O-O 12. Re1 Re8 13. Bg5 Qd6 14. Bxe7 Nxe7 15. Rxe7 Qxe7 16. Bxf5 Qe2 17. Nbd4 Qxb2 18. Rc1 Qxa2 19. Ng5 g6 {½-½ (28) Engert,M (1743)-Reiche,N (1470) Sebnitz 2011}) 12. Bg5 {[#] Hoping for Bxf5.White is better.} f6 13. Be3 Bxe3 14. fxe3 Be4 ({Black should play} 14... Bxd3 $11 15. Qxd3 Qb6) 15. Nfd4 {Ne6 is the strong threat.} Qb6 $2 (15... Bxd3 $11 {and Black has nothing to worry.} 16. Qxd3 Qb6) 16. Bxe4 $18 dxe4 {[#]} 17. Qc2 (17. Ne6 $1 $18 {Strongly threatening Nbc5.} Kf7 18. Nbc5 (18. Qg4 Qxe3+ 19. Kh1 h5 $16)) 17... f5 (17... a4 $11) 18. Rae1 (18. Ne6 $16) 18... Ne5 $2 (18... O-O $11) 19. Nc1 $2 ({White has to play} 19. Nxf5 $18 Nxf5 20. Qxe4 (20. Rxf5 Nf3+ 21. gxf3 Qg6+ 22. Kh1 Qxf5 $16)) 19... Qb3 $2 {[%mdl 8192]} (19... O-O $15) (19... O-O 20. Qb3+ Qxb3 21. axb3 g6 {0-1 (21) Timofeev,A (2563)-Vastrukhin,O (2398) Taganrog 2018}) 20. axb3 g6 21. g4 {[%mdl 32768] Precision: White = 10%, Black =  8%. . Loss on Time!?} 0-1